Địa lí 7

Spremljeno u:
Bibliografski detalji
Glavni autor: Nguyễn, Dược
Daljnji autori: Phan, Huy Xu
Format: Knjiga
Jezik:Undetermined
Izdano: H. Giáo dục 2004
Teme:
Online pristup:http://lrc.tdmu.edu.vn/opac/search/detail.asp?aID=2&ID=4752
Oznake: Dodaj oznaku
Bez oznaka, Budi prvi tko označuje ovaj zapis!
Thư viện lưu trữ: Trung tâm Học liệu Trường Đại học Thủ Dầu Một
LEADER 00617nam a2200205Ia 4500
001 TDMU_4752
008 210410s9999 xx 000 0 und d
082 |a 910.71 
090 |b NG527 
100 |a Nguyễn, Dược 
245 0 |a Địa lí 7 
245 0 |c Nguyễn Dược 
260 |a H. 
260 |b Giáo dục 
260 |c 2004 
300 |a 192tr 
650 |a Sách lớp 7  |v Giáo khoa; Địa lí  |x Dạy và học 
700 |a Phan, Huy Xu 
856 |u http://lrc.tdmu.edu.vn/opac/search/detail.asp?aID=2&ID=4752 
980 |a Trung tâm Học liệu Trường Đại học Thủ Dầu Một